| 000 | 00412nam a2200133Ia 4500 | ||
|---|---|---|---|
| 008 | 151021s9999 xx 000 0 und d | ||
| 020 | _a582550807 | ||
| 050 | _aPE1128.AH3941975 | ||
| 245 | _a_Writing English Language Test Longman Hardbooks for language Teachers | ||
| 260 | _aEngland Longman Group Ltd 1975 | ||
| 300 | _axi,236p.;ill. | ||
| 650 | _a_Grammar and Usage | ||
| 980 | _a^d20110419 03:23:46^okorir | ||
| 999 |
_c5934 _d5934 |
||